Fars del segle XX : creadors, inventors i visionaris creadors, inventors i visionaris
Publicado:
Barcelona :
Diputació de Barcelona. Àrea de Cultura. Oficina de Patrimoni Cultural : Comissió de Cooperació de Museus Locals :Trànsit projectes : CCCB, [2000]
Descripción Física:
[6] p. ; 21 cm
MARC
| LEADER | 00000nam a2200000Ia 4500 | ||
|---|---|---|---|
| 001 | 24601 | ||
| 008 | 160829s9999 xx 000 0 cat d | ||
| 080 | |a FU-66-23 | ||
| 245 | |a Fars del segle XX : |b creadors, inventors i visionaris | ||
| 260 | |a Barcelona : |b Diputació de Barcelona. Àrea de Cultura. Oficina de Patrimoni Cultural : |b Comissió de Cooperació de Museus Locals :Trànsit projectes : |b CCCB, [2000] | ||
| 300 | |a [6] p. ; |c 21 cm | ||
| 590 | |a Producció realitzada en el marc de la microexposició "Fars del segle XX", organitzada pel Centre de Cultura Contemporània de Barcelona, 15 de juny de 2000 | ||
| 710 | 2 | |a Centre de Cultura Contemporània de Barcelona |9 52510 | |
| 710 | 1 | |a Barcelona (Catalunya : Província). |9 55728 |b Comissió de Cooperació de Museus Locals | |
| 901 | |a Arxiu | ||
| 942 | |n 1 |2 udc | ||
| 952 | |0 0 |1 0 |4 0 |6 FU6623 |7 1 |9 55609 |a Arxiu |b Arxiu |d 2016-12-01 |l 0 |o FU-66-23 |p 24601 |r 2016-12-01 00:00:00 |w 2016-12-01 |y ARXIU | ||
| 999 | |c 59482 |d 59482 | ||